000 00618nmc a2200253 a 4500
003 AR-BaBNM
005 20251128203840.0
008 307019s1971 ||||||||||||||000 | spa||
040 _cAR-BaBNM
100 1 _aBorges, Jorge Luis
245 1 0 _aEl hacedor
250 _a1ª ed.
260 _aBuenos Aires
_bEmecé
_c1971
300 0 _a113 p.
490 0 _aObras completas de Jorge Luis Borges
650 4 _aLITERATURA ARGENTINA
650 4 _aESCRITORES
650 4 _aLITERATURA CONTEMPORANEA
650 4 _aPOESIA
653 0 _aINFLUENCIA CLASICA
655 _aLITERATURA
942 _cBK
998 _cMARTIN
999 _c5171
_d5171